[Event "Corus-B"]
[Site "Wijk aan Zee"]
[Date "2003.01.21"]
[Round "9"]
[White "Kosteniuk, Alexandra"]
[Black "Nijboer, Friso"]
[Result "0-1"]
[WhiteElo "2456"]
[BlackElo "2553"]
[Annotator "Rogozenco,D"]
[PlyCount "76"]
[EventDate "2003.01.14"]
[EventType "tourn"]
[EventRounds "13"]
[EventCountry "NED"]
[EventCategory "13"]
[SourceTitle "CBM 093"]
[Source "ChessBase"]
[SourceDate "2003.04.01"]
[SourceVersion "1"]
[SourceVersionDate "2003.04.01"]
[SourceQuality "1"]

1. e4 c5 2. Nf3 Nc6 3. d4 cxd4 4. Nxd4 Nf6 5. Nc3 e5 6. Ndb5 d6 7. Bg5 a6 8.
Na3 b5 9. Bxf6 gxf6 10. Nd5 f5 11. Bd3 Be6 12. O-O Bxd5 13. exd5 Ne7 14. c4 Bg7
15. Qd2 e4 16. Be2 bxc4 17. Nxc4 O-O 18. Rac1 Rb8 19. b4 Rb5 20. Ne3 f4 21. Nc2
{This worked out well in the first game when Kosteniuk used it, but even in
that game against McShane things were far from clear. Nijboer finds an even
more convincing plan to attack the king.} (21. Bxb5 {The move played by
Huebner in 1979 against Sax must be prefered.}) 21... Rxd5 22. Qxf4 Re5 23.
Bxa6 Nd5 $146 (23... d5 24. Rcd1 f5 (24... Ng6 $5) 25. Bc4 Kh8 26. Rfe1 Qc8 $6
(26... Ng6 $44) 27. Bb3 Ng6 28. Qc1 f4 29. Rxd5 Nh4 30. Qd1 f3 $2 31. Rxe5 Bxe5
32. Rxe4 Rd8 33. Nd4 Bf6 34. g3 Nf5 35. Qxf3 Rxd4 36. Re6 Rd2 37. Rxf6 Nd4 38.
Rf8+ {1-0 Kosteniuk,A-McShane,L/Hastings 2003}) 24. Qd2 Qh4 {Black has an easy
attack. White's extra pawn plays no importance at all for the moment.} 25. Ne3
Rh5 26. h3 Nf4 27. Bc8 (27. Be2 Rg5 {changes little}) 27... Rg5 28. Ng4 (28.
Bg4 Be5 {[%cal Gf7f5]} (28... f5 29. g3 Nxh3+ 30. Kh2 Qh6 31. Bxh3 Rh5 32. Kg2
Rxh3 33. Rh1) 29. g3 (29. Nd5 Nxd5 $19) 29... Nxh3+ 30. Bxh3 (30. Kg2 Nf4+ 31.
gxf4 Rxg4+ 32. Nxg4 Qxg4+ 33. Kh1 Qh4+ 34. Kg2 Bxf4 $19) 30... Qxh3 $19 {
[%cal Gg5h5]}) 28... Be5 29. Nxe5 (29. Kh1 {This paradoxical move was White's
only chance.} Nxh3 (29... f5 30. Nxe5 Rxg2 31. Qc3 $1 $132 {[%csl Rg8][%cal
Gc8e6]}) 30. Nf6+ $1 (30. Nh6+ Qxh6 31. Bxh3 Kh8 $17 {[%cal Gf8g8]}) 30... Bxf6
31. Bxh3 d5 {Black is much better here too, but there is still a lot of play
ahead.}) 29... Rxg2+ 30. Kh1 dxe5 31. Qe3 (31. Rc3 Qg5 $19 {[%cal Gg2h2,Yg5g2]}
) (31. Rg1 Rxg1+ 32. Rxg1+ Kh8 33. Qc3 Nd3 $17 {/-+}) 31... f5 32. Be6+ (32.
Rg1 Rxg1+ 33. Rxg1+ Kh8 $19) 32... Kh8 $19 33. Qc3 Nxh3 34. Qxe5+ Rg7 35. Qh2
e3 (35... Qh5 {is a forced mate:} 36. f4 (36. Rc3 Nxf2+ 37. Rxf2 Qd1+) 36...
Rg1+ 37. Rxg1 Nf2+ 38. Kg2 Qf3+ 39. Kf1 Nd3+ 40. Qf2 Qxf2#) 36. Bxf5 (36. fxe3
Qe4+) (36. f4 e2 $19) 36... Rg1+ 37. Rxg1 Nxf2+ 38. Kg2 Rg8+ {White loses the
queen and a quick mate will soon follow anyway.} 0-1

[Event "Corus-B"]
[Site "Wijk aan Zee"]
[Date "2003.01.23"]
[Round "10"]
[White "Cmilyte, Viktorija"]
[Black "Kosteniuk, Alexandra"]
[Result "1/2-1/2"]
[WhiteElo "2452"]
[BlackElo "2456"]
[PlyCount "61"]
[EventDate "2003.01.14"]
[EventType "tourn"]
[EventRounds "13"]
[EventCountry "NED"]
[EventCategory "13"]
[SourceTitle "CBM 093"]
[Source "ChessBase"]
[SourceDate "2003.04.01"]
[SourceVersion "1"]
[SourceVersionDate "2003.04.01"]
[SourceQuality "1"]

1. d4 Nf6 2. c4 g6 3. Nc3 d5 4. Nf3 Bg7 5. Qb3 dxc4 6. Qxc4 O-O 7. e4 a6 8. Be2
b5 9. Qb3 Nc6 10. d5 Na5 11. Qb4 c6 12. e5 Nxd5 13. Qh4 Nxc3 14. bxc3 c5 15.
O-O Nc6 16. Bh6 Bxh6 17. Qxh6 f6 18. a4 Rb8 19. axb5 axb5 20. Rab1 Bg4 21. Rfd1
Qc7 22. exf6 exf6 23. Rxb5 Rxb5 24. Bxb5 Rd8 25. Bc4+ Kh8 26. Rxd8+ Qxd8 27.
Be2 Qd6 28. h3 Be6 29. Nd2 f5 30. Bc4 Kg8 31. Qe3 1/2-1/2

[Event "Corus-B"]
[Site "Wijk aan Zee"]
[Date "2003.01.25"]
[Round "12"]
[White "Van der Wiel, John"]
[Black "Kosteniuk, Alexandra"]
[Result "1-0"]
[WhiteElo "2509"]
[BlackElo "2456"]
[PlyCount "133"]
[EventDate "2003.01.14"]
[EventType "tourn"]
[EventRounds "13"]
[EventCountry "NED"]
[EventCategory "13"]
[SourceTitle "CBM 093"]
[Source "ChessBase"]
[SourceDate "2003.04.01"]
[SourceVersion "1"]
[SourceVersionDate "2003.04.01"]
[SourceQuality "1"]

1. e4 c5 2. Nf3 d6 3. d4 cxd4 4. Nxd4 Nf6 5. Nc3 Nc6 6. Bg5 e6 7. Qd2 a6 8.
O-O-O h6 9. Be3 Bd7 10. f3 b5 11. Nxc6 Bxc6 12. Ne2 Qc7 13. Nd4 Bb7 14. Kb1 Be7
15. h4 Nd7 16. b3 d5 17. exd5 Bxd5 18. Bf4 Qb6 19. Nf5 Bf8 20. Qc3 Nf6 21. Be5
b4 22. Qb2 exf5 23. Bxf6 Qxf6 24. Qxf6 gxf6 25. Rxd5 Rd8 26. Rxd8+ Kxd8 27.
Bxa6 Bd6 28. Re1 Be5 29. Bd3 Rg8 30. Re2 f4 31. a3 Kc7 32. axb4 Bc3 33. Re4 Kb6
34. b5 Ra8 35. Ra4 Rxa4 36. bxa4 Ka5 37. b6 Kxa4 38. b7 Be5 39. Bc4 Kb4 40.
Bxf7 Kc3 41. Bg6 Bc7 42. Ka2 Bd6 43. Bd3 Kb4 44. c4 Be5 45. Kb1 Kc3 46. Bf1 Kb3
47. h5 Bc7 48. Be2 Be5 49. Kc1 Kc3 50. Kd1 Bc7 51. Ke1 Bb8 52. Kf1 Kd4 53. Kg1
Kc5 54. Kh2 Kc6 55. Kh3 f5 56. Bd3 Kxb7 57. Bxf5 Kc6 58. Kg4 Bd6 59. Be6 Kc7
60. Kf5 Kd8 61. Bf7 Kd7 62. Bd5 Kd8 63. Kg6 Bf8 64. c5 Bxc5 65. Kxh6 Ke7 66.
Kg7 Bd4+ 67. Kg8 1-0

[Event "Corus-B"]
[Site "Wijk aan Zee"]
[Date "2003.01.26"]
[Round "13"]
[White "Kosteniuk, Alexandra"]
[Black "Karjakin, Sergey"]
[Result "1/2-1/2"]
[WhiteElo "2456"]
[BlackElo "2547"]
[PlyCount "80"]
[EventDate "2003.01.14"]
[EventType "tourn"]
[EventRounds "13"]
[EventCountry "NED"]
[EventCategory "13"]
[SourceTitle "CBM 093"]
[Source "ChessBase"]
[SourceDate "2003.04.01"]
[SourceVersion "1"]
[SourceVersionDate "2003.04.01"]
[SourceQuality "1"]

1. e4 c5 2. Nf3 d6 3. d4 cxd4 4. Nxd4 Nf6 5. Nc3 a6 6. Bg5 e6 7. f4 Nbd7 8. Qf3
Qc7 9. O-O-O b5 10. Bd3 Bb7 11. Rhe1 h6 12. Qh3 O-O-O 13. Bxf6 Nxf6 14. Nd5
Nxd5 15. exd5 Bxd5 16. a4 Qb6 17. axb5 Qxd4 18. Be4 Qxe4 19. Rxe4 Bxe4 20. bxa6
Kd7 21. Rd4 Bc6 22. b4 Be7 23. Qb3 Rb8 24. c4 Rhc8 25. Kd1 d5 26. b5 Bc5 27.
bxc6+ Kc7 28. Qc3 Bxd4 29. Qxd4 Kxc6 30. cxd5+ exd5 31. Qxg7 Kb6 32. Qxf7 Kxa6
33. Qe6+ Ka7 34. Qd7+ Ka6 35. Qa4+ Kb6 36. f5 Kc5 37. Qf4 d4 38. Qxh6 Rb1+ 39.
Kc2 Rcb8 40. Kd3 R8b3+ 1/2-1/2

[Event "Brissago Dannemann m"]
[Site "Brissago"]
[Date "2003.02.01"]
[Round "1"]
[White "Kosteniuk, Alexandra"]
[Black "Karjakin, Sergey"]
[Result "1/2-1/2"]
[WhiteElo "2456"]
[BlackElo "2547"]
[Annotator "Hecht,H"]
[PlyCount "82"]
[EventDate "2003.02.01"]
[EventType "match"]
[EventRounds "6"]
[EventCountry "SUI"]
[SourceTitle "CBM 094"]
[Source "ChessBase"]
[SourceDate "2003.05.26"]
[SourceVersion "1"]
[SourceVersionDate "2003.05.26"]
[SourceQuality "1"]

1. e4 e5 2. Nf3 Nc6 3. Bb5 Nf6 4. O-O Nxe4 5. d4 Nd6 6. Bxc6 dxc6 7. dxe5 Nf5
8. Qxd8+ Kxd8 9. Nc3 Ke8 10. h3 Be7 11. Rd1 Nh4 12. Nd4 Nf5 13. Nde2 h5 14. Ne4
h4 15. c4 a5 16. Bd2 a4 17. Nf4 Nd4 18. Bc3 Ne6 19. Nd3 b6 20. Re1 c5 21. f4
Rh5 22. Re3 Bb7 23. Rf1 Rd8 24. Nc1 Rf5 25. Ne2 Bxe4 26. Rxe4 g5 27. fxg5 Rxf1+
28. Kxf1 Rd1+ 29. Kf2 Bxg5 30. g3 hxg3+ 31. Kxg3 Rd3+ 32. Kg4 Bd2 33. Bxd2 Rxd2
34. b3 Rxa2 35. bxa4 Rxa4 36. h4 Nd4 37. h5 Nxe2 38. Rxe2 Rxc4+ 39. Kg5 {
Freibauern} Kf8 $5 (39... Rc1 $1 40. Rh2 Kf8 41. h6 Kg8 42. h7+ Kh8 43. Kf6
Rf1+ {Hier kann nur Schwarz gewinnen}) 40. h6 Kg8 $2 (40... Rc1 $1) 41. e6 $1
fxe6 (41... fxe6 42. Rxe6 Rc1 43. Re8+ {Dauerschach}) 1/2-1/2

[Event "Brissago Dannemann m"]
[Site "Brissago"]
[Date "2003.02.04"]
[Round "4"]
[White "Karjakin, Sergey"]
[Black "Kosteniuk, Alexandra"]
[Result "1-0"]
[WhiteElo "2547"]
[BlackElo "2456"]
[Annotator "Gofshtein,L"]
[PlyCount "67"]
[EventDate "2003.02.01"]
[EventType "match"]
[EventRounds "6"]
[EventCountry "SUI"]
[SourceTitle "CBM 094"]
[Source "ChessBase"]
[SourceDate "2003.05.26"]
[SourceVersion "1"]
[SourceVersionDate "2003.05.26"]
[SourceQuality "1"]

{[%mdl 5]} 1. e4 {Chekhov: Kortschnoj Finkel,A:} c5 2. Nf3 Nc6 3. d4 cxd4 4.
Nxd4 e5 5. Nb5 d6 6. N1c3 {Lately,this continuation has become fashionable.
Another variation in this position is ...6.c4} a6 7. Na3 b5 {Black has another
possibility 7...Nf6 and now White has a choice whether to transpose to the
Sveshnikov variation: 8.Bg5 or 8.Nc4 as was the case in the game between Anand
and Rajabov(Linares, 2003), in which White gained the advantage.} (7... Be6 8.
Nc4 b5 (8... Rc8 9. Nd5 Bxd5 10. exd5 Nb8 11. Be2 Nd7 12. O-O Ngf6 13. a4 Be7
14. Be3 O-O 15. a5 $16 {Matanovic-Larsen,B,Bevervijk 1960}) 9. Ne3 Nf6 10. g3
Rc8 11. Bg2 h5 12. O-O h4 13. Ncd5 Ne7 14. Nxf6+ gxf6 15. a4 $16) (7... Nf6 8.
Nc4 b5 9. Ne3 Be7 10. g3 h5 11. Bg2 h4 12. O-O $14 {Anand-Rajabov}) 8. Nd5 Nce7
{In this position, 8...Nge7 is also possible,and, as demonstrated in the
following games, Black has good counterplay.} (8... Nge7 9. c4 (9. Bg5 h6 (9...
Qa5+ 10. Bd2 Qd8 11. c4) 10. Qh5 Qa5+ 11. Bd2 Qd8 12. Bg5 Qa5+ 13. Bd2 {
1/2-1/2 Lputian,S-Sveshnikov,E/Sochi 1987/TD (13)}) (9. c3 Nxd5 10. exd5 Ne7
11. Nc2 g6 12. a4 bxa4 13. Nb4 Bg7 14. Qxa4+ Bd7 15. Qa5 $16 {1-0 Barua,
D-Nataf,I/Linares 1998/CBM 62 ext (28)}) 9... Nd4 10. Nc2 (10. Be3 Nxd5 11.
cxd5 Be7 12. Bd3 O-O (12... Qa5+ 13. Qd2 $16) 13. O-O Bd7 (13... Bf6 14. Bxd4 (
14. Qd2 Bd7 15. Rac1 Rc8 16. Rxc8 Qxc8 17. Rc1 Qb7 18. Qb4 Qb8 19. Qa5 $11 {
Stripunsky,A-Votava,J/Mlada Boleslav op 1995}) 14... exd4 15. Qd2 Qb6 16. Rad1)
(13... Bb7 $6 14. Qd2 $5 f5 15. Bxd4 exd4 16. Nc2 Qb6 (16... Bf6 17. Rae1 $36 (
17. Qf4 Be5 18. Qf3 Qh4 19. g3 fxe4 20. Qxe4 Qxe4 21. Bxe4 d3 $15)) 17. Qf4 $36
{1-0 Tiviakov,S-Nataf,I/Mondariz 2000/CBM}) 14. Bxd4 (14. Qd2 Rc8 (14... Qb8
15. Rac1 Qb7 16. Nc2 Nxc2 17. Rxc2 Rfc8 18. Rfc1 Rxc2 19. Rxc2 Rc8 $11 {
Sluka,R-Moroz,A/Komercni Banka op 1997}) 15. f4 Qb6 (15... Qc7 16. f5 $16) 16.
Nc2 Bf6 {Kotronijas-Nikolaides,Athens 1993} 17. Nxd4 exd4 18. Bf2 $16 {Idee
Tae1 Barlov,Jovicic}) (14. Rc1 Qa5 15. Qe1 Bd8 16. Qxa5 Bxa5 17. Nc2 Nxc2 18.
Rxc2 Rfc8 19. Rfc1 Rxc2 20. Rxc2 Kf8 $11 {Manik,M-Moroz,A/Komercni Banka op
1996}) 14... exd4 15. Qd2 Qb6 $13 {0-1 Erdogdu,M-Moiseenko,A/Saraybahce GP,
Kocaeli TUR 2002 (46)}) 10... Nxd5 11. cxd5 Bg4 12. Qd2 (12. f3 $2 Qh4+ $1 $17)
12... Nxc2+ 13. Qxc2 Be7 14. Bd3 O-O 15. O-O Rc8 16. Qb3 Bg5 17. Bxg5 Qxg5 $36
{0-1 Hodgson,J-Lputian,S/Sochi 1987/TD (50)}) (8... Nf6 $1) (8... Nf6 9. Bg5 {
B33}) 9. c4 Nxd5 10. exd5 {[%cal Gc4b5,Ga3b5] White intends on destroying
Black's strong pawn chain on the Queen's side; therefor, takes d5 with the "e"
pawn.} bxc4 $8 11. Nxc4 Nf6 12. Be3 {[%cal Rc4b6,Ye3b6]} {Black seals off
square "b6", hence preventing White's penatration.} Rb8 {[%cal Yb8b6]} 13. Be2
Be7 {13...Rb5 is risky} (13... Rb5 $6 {[%cal Rb5d5,Yf6d5]} 14. a4 Rxd5 15. Qc2)
14. a4 {[%cal Ra4b5] White gains space on the Queen's side.} O-O 15. O-O Bb7
16. Nb6 Nd7 17. a5 f5 18. f3 {White makes a preventive move designated to
deter Black's play on the King's side} Nxb6 19. Bxb6 Qd7 20. b4 Bd8 21. Be3 $5
{Which turns out stronger then 21.Bf2 as was played in the game Smirnov-Turov.}
(21. Bf2 Bg5 $132 {1-0 Smirnov,P-Turov,M/ch-RUS, Krasnodar RUS 2002 (54)}) (21.
Bxd8 Rfxd8 22. Bc4 Bc8 23. Rb1 (23. Qd2 Qa7+ 24. Kh1 Bd7 25. Rfc1 Re8 26. Rab1
e4 $132 {0-1 Furlan,M-Sveshnikov,E/Bled 2001/CBM 81 ext (40)}) 23... Qa7+ 24.
Kh1 Bd7 $132 {1/2-1/2 Van den Doel,E-Nataf,I/Esbjerg 2001/CBM 85 (43)}) 21...
Bf6 22. Rb1 Qf7 {[%csl Yd5] Black attacks d5, attempting to distract White
from carrying out their plan of advancing b5.} (22... Rbc8 23. b5 axb5 24. Rxb5
e4 $6 25. fxe4 Rfe8 26. Rb4 $18 {1-0 Karjakin,S-Shirov,A/Superstars Hotel Bali,
Benidorm ESP 2002 (38)}) 23. Bc4 Rfc8 24. Qd3 {[%cal Yc4a6]} Ra8 25. Rfc1 $146
{This exact variation was played by the identical players in their next
meeting in which White attempted to play with the other rook unsuccessfully.} (
25. Rbc1 Bd8 26. Bb3 Rab8 27. Rc6 Qf8 28. Rc4 Rxc4 29. Bxc4 Ra8 30. Rc1 Bc8 31.
Bb3 Bd7 32. Bc4 Bc8 33. Bb3 {1/2-1/2 Karjakin,S-Kosteniuk,A/Brissago SUI 2003 
(33)}) 25... Qh5 26. Bb3 $5 {[%cal Rb3a4,Ra4c6] A key move, considering that
White wants to transfer its bishop to c6.} Bg5 27. Qd2 $5 {Forcing Black to
take exchange black squared bishops and activate their Queen.} Bxe3+ 28. Qxe3 {
[%csl Yd6][%cal Re3b6]} Qf7 29. Qb6 Bxd5 30. Qxa6 $1 Rxc1+ $2 {The unforseen
tactical blow throwing Black off guard-leading them into a strikingly
interesting trap, while 30.Rcb8 leads White only to a small advantage} (30...
Rcb8 $1 31. Qd3 Bxb3 32. Rxb3 e4 33. fxe4 fxe4 34. Qe3 Qe6 35. Rbb1 $14) 31.
Rxc1 Rxa6 $2 {[%mdl 8192] 31...Rf8 is neccessary to avoid immediate defeat} (
31... Rf8 $5 32. Ba4 Qe6 33. Bc6 $16) 32. Rc8+ Qe8 33. Rxe8+ Kf7 34. Ra8 $3 $18
1-0

[Event "Foxwoods op 05th"]
[Site "Connecticut"]
[Date "2003.04.17"]
[Round "1"]
[White "Kosteniuk, Alexandra"]
[Black "Fleischman, Eric"]
[Result "1-0"]
[WhiteElo "2452"]
[BlackElo "2070"]
[PlyCount "73"]
[EventDate "2003.04.17"]
[EventType "swiss"]
[EventRounds "7"]
[EventCountry "USA"]
[SourceTitle "CBM 093 Extra"]
[Source "ChessBase"]
[SourceDate "2003.05.09"]
[SourceVersion "1"]
[SourceVersionDate "2003.05.09"]
[SourceQuality "1"]

1. e4 c5 2. Nf3 d6 3. d4 cxd4 4. Nxd4 Nf6 5. Nc3 g6 6. Be3 Bg7 7. f3 Nc6 8. Qd2
O-O 9. O-O-O Nxd4 10. Bxd4 Be6 11. Kb1 Rc8 12. g4 Qc7 13. h4 h5 14. gxh5 Nxh5
15. Bxg7 Kxg7 16. Rg1 Rh8 17. f4 Qb6 18. Rg5 f6 19. Rb5 Qc7 20. f5 gxf5 21.
exf5 Bf7 22. Qg2+ Kf8 23. Rxb7 Qc6 24. Qxc6 Rxc6 25. Re1 Rh7 26. Rb8+ Kg7 27.
Rxe7 Ng3 28. Bg2 Rb6 29. Rxb6 axb6 30. Bd5 Kf8 31. Rxf7+ Rxf7 32. Bxf7 Kxf7 33.
Nd5 Nxf5 34. Nxb6 Nxh4 35. a4 Ke7 36. a5 Kd8 37. a6 1-0

[Event "Foxwoods op 05th"]
[Site "Connecticut"]
[Date "2003.04.18"]
[Round "2"]
[White "Casella, Michael"]
[Black "Kosteniuk, Alexandra"]
[Result "0-1"]
[WhiteElo "2320"]
[BlackElo "2452"]
[PlyCount "114"]
[EventDate "2003.04.17"]
[EventType "swiss"]
[EventRounds "7"]
[EventCountry "USA"]
[SourceTitle "CBM 093 Extra"]
[Source "ChessBase"]
[SourceDate "2003.05.09"]
[SourceVersion "1"]
[SourceVersionDate "2003.05.09"]
[SourceQuality "1"]

1. e4 c5 2. Nf3 d6 3. d4 cxd4 4. Nxd4 Nf6 5. Nc3 g6 6. Be3 Bg7 7. f3 Nc6 8. Qd2
O-O 9. Bc4 Nd7 10. h4 Nb6 11. Bb3 Na5 12. Qd3 Nxb3 13. axb3 d5 14. Ndb5 a6 15.
Bxb6 Qxb6 16. Nxd5 Qd8 17. Ndc3 Bd7 18. Nd4 Qb6 19. O-O-O Rfd8 20. Nd5 Qd6 21.
Qe3 a5 22. Ne2 a4 23. Nb6 Qe5 24. Nc4 Qc7 25. Qb6 Qc8 26. Kb1 Ra6 27. Qb4 b5
28. Na3 Bf8 29. Qd2 b4 30. Qxb4 e6 31. Qc3 Qb7 32. Nc4 Rc8 33. h5 Bg7 34. e5
Bb5 35. h6 Bf8 36. Rh4 axb3 37. cxb3 Qa7 38. Rhd4 Ra1+ 39. Kc2 Rxd1 40. Rxd1
Qf2 41. Qd2 Bxh6 42. Qxh6 Bxc4 43. bxc4 Qxe2+ 44. Qd2 Qxc4+ 45. Kb1 Ra8 46. Qd4
Qa2+ 47. Kc2 Kg7 48. Kd3 Ra5 49. Ke2 Rd5 50. Qc3 Qa6+ 51. Ke1 Rxd1+ 52. Kxd1
Qf1+ 53. Kd2 Qxg2+ 54. Ke3 h5 55. b4 h4 56. Qc4 Qg1+ 57. Ke2 g5 0-1

[Event "Foxwoods op 05th"]
[Site "Connecticut"]
[Date "2003.04.19"]
[Round "4"]
[White "Kosteniuk, Alexandra"]
[Black "Bick, John D"]
[Result "1-0"]
[WhiteElo "2452"]
[BlackElo "2273"]
[PlyCount "70"]
[EventDate "2003.04.17"]
[EventType "swiss"]
[EventRounds "7"]
[EventCountry "USA"]
[SourceTitle "CBM 093 Extra"]
[Source "ChessBase"]
[SourceDate "2003.05.09"]
[SourceVersion "1"]
[SourceVersionDate "2003.05.09"]
[SourceQuality "1"]

1. e4 e5 2. Nf3 Nf6 3. Nxe5 d6 4. Nf3 Nxe4 5. Nc3 Nxc3 6. dxc3 Be7 7. Bf4 O-O
8. Qd2 Nd7 9. Nd4 Nc5 10. f3 Ne6 11. Be3 Nxd4 12. cxd4 c5 13. O-O-O Be6 14. d5
Bd7 15. h4 a5 16. g4 a4 17. g5 f5 18. Rg1 Be8 19. Qe2 Qa5 20. Bf4 Qc7 21. Qe3
b5 22. h5 Bxh5 23. Bxb5 Rfb8 24. Bc6 Ra7 25. Rd2 c4 26. Rh2 Bg6 27. Qe6+ Kf8
28. Be3 c3 29. bxc3 f4 30. Bd4 Rab7 31. Rg4 Bf7 32. Qf5 Rb1+ 33. Kd2 g6 34.
Qxf7+ Kxf7 35. Rxh7+ Kf8 1-0

[Event "Foxwoods op 05th"]
[Site "Connecticut"]
[Date "2003.04.19"]
[Round "5"]
[White "Kaidanov, Gregory S"]
[Black "Kosteniuk, Alexandra"]
[Result "1/2-1/2"]
[WhiteElo "2640"]
[BlackElo "2452"]
[PlyCount "76"]
[EventDate "2003.04.17"]
[EventType "swiss"]
[EventRounds "7"]
[EventCountry "USA"]
[SourceTitle "CBM 093 Extra"]
[Source "ChessBase"]
[SourceDate "2003.05.09"]
[SourceVersion "1"]
[SourceVersionDate "2003.05.09"]
[SourceQuality "1"]

1. d4 d5 2. c4 e6 3. Nf3 Nf6 4. Nc3 c6 5. Bg5 h6 6. Bxf6 Qxf6 7. e3 Nd7 8. Bd3
dxc4 9. Bxc4 Bd6 10. O-O Qe7 11. Qc2 O-O 12. Rad1 Rd8 13. a3 a5 14. Ba2 e5 15.
Ne4 Bb8 16. Rfe1 Re8 17. Bb1 f5 18. Nc5 Nxc5 19. dxc5 a4 20. e4 f4 21. Ba2+ Kh7
22. Rd3 Ra5 23. Rc1 Ba7 24. Rc3 Bg4 25. Ne1 Rd8 26. f3 Bh5 27. Nd3 Be8 28. Kh1
b5 29. h3 Bb8 30. Nb4 Bc7 31. Rd3 Raa8 32. Rcd1 Rxd3 33. Rxd3 Rd8 34. Na6 Qh4
35. Nxc7 Qe1+ 36. Kh2 Qg3+ 37. Kg1 Qe1+ 38. Kh2 Qg3+ 1/2-1/2

[Event "Foxwoods op 05th"]
[Site "Connecticut"]
[Date "2003.04.20"]
[Round "7"]
[White "Kosteniuk, Alexandra"]
[Black "Ehlvest, Jaan"]
[Result "0-1"]
[WhiteElo "2452"]
[BlackElo "2587"]
[PlyCount "66"]
[EventDate "2003.04.17"]
[EventType "swiss"]
[EventRounds "7"]
[EventCountry "USA"]
[SourceTitle "CBM 093 Extra"]
[Source "ChessBase"]
[SourceDate "2003.05.09"]
[SourceVersion "1"]
[SourceVersionDate "2003.05.09"]
[SourceQuality "1"]

1. e4 c5 2. Nf3 d6 3. d4 cxd4 4. Nxd4 Nf6 5. Nc3 a6 6. f3 e6 7. Be3 b5 8. g4 h6
9. Qd2 Nbd7 10. O-O-O Bb7 11. h4 b4 12. Na4 Qa5 13. b3 Nc5 14. a3 Nxa4 15. axb4
Qc7 16. bxa4 Nd7 17. Bh3 d5 18. g5 Qc4 19. Qd3 Qxb4 20. Qb3 hxg5 21. hxg5 Ne5
22. Qxb4 Bxb4 23. Bg2 Rxh1 24. Rxh1 Nc4 25. Bf2 Bd2+ 26. Kd1 Bxg5 27. exd5 Bxd5
28. Ke2 Ke7 29. Nb3 Bf4 30. Nc5 Ne5 31. Bd4 Rc8 32. c3 Rb8 33. Kd1 Rb2 0-1

[Event "St Petersburg-Moscow"]
[Site "St Petersburg"]
[Date "2003.05.03"]
[Round "1"]
[White "Kosteniuk, Alexandra"]
[Black "Novikov, Mikhail V"]
[Result "1-0"]
[WhiteElo "2452"]
[BlackElo "2401"]
[Annotator "Gofshtein,L"]
[PlyCount "85"]
[EventDate "2003.05.03"]
[EventType "team"]
[EventRounds "2"]
[EventCountry "RUS"]
[SourceTitle "CBM 095"]
[Source "ChessBase"]
[SourceDate "2003.07.25"]
[SourceVersion "1"]
[SourceVersionDate "2003.07.25"]
[SourceQuality "1"]

1. e4 c5 2. Nf3 d6 3. d4 cxd4 4. Nxd4 Nf6 5. Nc3 a6 6. Bg5 e6 7. f4 Qb6 8. Qd2
Nc6 {Very rare continutiation; Black escapes main lines with Qxb2 and
transfers the game to positions semilar to Rauzer Variation;} 9. Nb3 Be7 10.
O-O-O Qc7 11. Be2 b5 12. Bf3 {12.Bxf6 following by Bh5 deserves attention here,
and then white may get immediate attack by f4-f5 break;} (12. Bxf6 $5 gxf6 13.
Bh5) 12... Bb7 13. Rhe1 O-O 14. Bxf6 {White gets back to attacking plan
mentioned above, but with some delay;} (14. e5 $2 dxe5 15. fxe5 Nxe5 16. Bxb7
Nc4 $17) 14... gxf6 15. Re3 Kh8 16. Bh5 b4 $5 {Black is first now to start his
attack;} 17. Nd5 {Very risky piece sacrifice; White is just trying to change
the scenario by this sacrifice; In case of normal 17.Ne2 black just has a good
play;} (17. Ne2 Na5 18. Qxb4 Nc4 19. Rc3 d5 $132) 17... exd5 18. exd5 Ne5 {
Black gives back a piece, fixing up his pawn structure, and also gets a good
counterplay by this; 17...Na7 was possible as well, remaining with a piece up,
but black was probably worried to find himself under the attack; Broken pawns
and uncoordinated black pieces would give white some compensation for the
sacrificed piece;} (18... Na7 19. Rde1 Bd8) 19. fxe5 fxe5 {[%cal Re7g5]} 20.
Rh3 (20. Rf3 Rac8 21. Rf2 a5 $132) 20... Rg8 $6 {Direct 20...a5 was much
stronger, creating strong threats over the queenside;} (20... a5 $5 21. Bg4 f5
22. Qh6 Bg5+ 23. Qxg5 fxg4 $36) 21. Kb1 Rg7 $6 {Black is slow- logical 21...f5
was obviously stronger;} (21... f5 $5) 22. Qxb4 Rb8 23. Qe4 $6 {White could
exploit unaccuracies of black's previous play by 23.Rc3 intercepting the
initiative;} (23. Rc3 $1 Qd7 24. Na5 $16) 23... f5 $5 {Black has recaptured
the initiative;} 24. Qe2 (24. Qxf5 $6 Bc8 25. Qd3 Bxh3 26. Qxh3 a5) 24... a5 {
[%cal Rb8b2] Very natural attempt to open up the b-file by a4;} 25. g4 a4 26.
Nc1 Qb6 {[%cal Rb8b2,Gb7b2] Black gets his queen to attack by last move;} 27.
b3 (27. c3 Ba6 28. Qc2 Bc8 29. Rf1 fxg4 30. Rg3 Rg5 $36) 27... Ba6 28. Qe3 $5 {
White is trying to trade active queen of black, slowing black's attack down;} (
28. Qf3 fxg4 29. Bxg4 Rf8 $17) 28... fxg4 29. Qxb6 Rxb6 30. Rg3 Rb4 (30... Bc8
$5 31. Rdg1 Bh4 32. R3g2 Bg5 $132) 31. Rdg1 Bc8 32. c4 axb3 33. axb3 Bf5+ 34.
Kb2 Bf6 $2 {Terrible mistake which leads to the catastrophe; After common 34...
Bh4 black has a good counterplay;} (34... Bh4 $5 35. R3g2 Bg5) 35. Rf1 Rg5 (
35... e4+ 36. Kc2 Rg5 37. Bxg4 Rxg4 38. Rxg4 Bxg4 39. Rxf6 $18) 36. Bxg4 e4+
37. Ka3 Bxg4 38. Rxf6 $18 Rb8 39. Rxd6 Rg7 40. c5 Bf5 41. Rf6 Ra7+ 42. Kb2 Bg6
43. c6 1-0